000 02350nam0a2200433 4500
001 RU\NLR\BIBL_A\012681370
005 20220411142224.0
010 _a978-5-00167-249-4
_92500
021 _aRU
_bКН-П-21-060986
_9КН-П-21-4766
035 _a(NLR Aleph) 012681370
090 _a12816273
_c12816273
100 _a20220111d2021 c y0rusy50 ca
101 1 _arus
_cchi
102 _aRU
105 _aa|||z|||000zy
181 1 _ai2
_baxxe
181 1 _ab2
_bbb2e
182 1 _an
200 1 _aИскорка
_eпо мотивам рассказа Э. Сетона-Томпсона
_e[для дошкольного и младшего школьного возраста
_fЧжу Чэнлян
_g[перевод с китайского Алины Перловой
_gхудожник: Чжу Чэнлян]
203 _aТекст
_aИзображение
_bвизуальные
_cнепосредственные
210 _aМосква
_cСамокат
_d2021
215 _a[41] с.
_cцв. ил.
_d27
330 _aИскорка, огненно-рыжая лисица, живет в лесу с двумя своими детенышами: Рыжиком и Пятнышком. Однажды один из лисят попадает в ловушку охотников. Искорка готова сделать все, чтобы спасти своего малыша. Но удастся ли ей перехитрить свирепых собак и охотников с ружьями, выйти из этой схватки победителем и спасти своего малыша?
333 _a0+
686 0 _aШ9(5Кит)60-4
686 0 _aШ9(7К)60-4
700 0 _aЧжу Чэнлян
_f1948-
_3RU\NLR\AUTH\770241222
702 0 _aЧжу Чэнлян
_f1948-
_3RU\NLR\AUTH\770241222
_4040
702 1 _aПерлова
_bА. А.
_gАлина А
_4730
702 1 _aСетон-Томпсон
_bЭ.
_f1860-1946
_gЭрнест
_3RU\NLR\AUTH\779222
_4570
942 _cBOOK
980 _aNB